Desktop Publishing-Guida pratica all'editoria individuale (Record n. 68241)
[ formato base ]
| 000 -LEADER | |
|---|---|
| fixed length control field | 01702nam a2200325Ia 4500 |
| 001 - CONTROL NUMBER | |
| control field | 74063 |
| 003 - CONTROL NUMBER IDENTIFIER | |
| control field | IT-RoPAU |
| 008 - FIXED-LENGTH DATA ELEMENTS--GENERAL INFORMATION | |
| fixed length control field | 130308s9999 xx 000 0 und d |
| 040 ## - CATALOGING SOURCE | |
| Original cataloging agency | IT-RoPAU |
| 040 ## - CATALOGING SOURCE | |
| Transcribing agency | IT-RoPAU |
| 041 ## - LANGUAGE CODE | |
| Language code of text/sound track or separate title | ITALIANO |
| 999 ## - SYSTEM CONTROL NUMBERS (KOHA) | |
| Koha Dewey Subclass [OBSOLETE] | SI |
| 100 ## - MAIN ENTRY--PERSONAL NAME | |
| Personal name | Panzalis Carlo |
| 100 ## - MAIN ENTRY--PERSONAL NAME | |
| Miscellaneous information | Codice Aut. SPICS: 25251 |
| 245 ## - TITLE STATEMENT | |
| Title | Desktop Publishing-Guida pratica all'editoria individuale |
| 245 ## - TITLE STATEMENT | |
| Remainder of title | Desktop Publishing-Guida Pratica all'editoria Individuale |
| 250 ## - EDITION STATEMENT | |
| Edition statement | 1a ed. |
| 260 ## - PUBLICATION, DISTRIBUTION, ETC. (IMPRINT) | |
| Place of publication, distribution, etc. | MILANO |
| 260 ## - PUBLICATION, DISTRIBUTION, ETC. (IMPRINT) | |
| Name of publisher, distributor, etc. | Jackson |
| 260 ## - PUBLICATION, DISTRIBUTION, ETC. (IMPRINT) | |
| Date of publication, distribution, etc. | 1988 [1° Ed.:1988 - Ed.Ling.Originale:1988] |
| 300 ## - PHYSICAL DESCRIPTION | |
| Extent | "248 p. (prefazione: 8; testo: 240 [pagine: 0-0])" |
| 500 ## - GENERAL NOTE | |
| General note | Nuovo Processo di Produzione Diventare Desktop Publisher grafica Editoriale e Desktop Publishing Elementi Base calcolo e Sviluppo del testo Impaginare col Personal Computer testo e grafica Elaborazione dei Testi software di impaginazione Pagemaker per L'Ambiente Macintosh Strumenti di Pagemaker Struttura della pubblicazione Finestra di Pagemaker Impaginare con Pagemaker immagini grafiche Stampa con Pagemaker Gestire I Documenti Ready set Go‚ 4.0Definizione della Gabbia revisione del testo Scontomare le figure Pagemaker per sistemi Ms dos Windows & Pagemaker Pagemaker per Pc Ventura Publisherinterfaccia utente di Ventura Parametri Standard Concetti Base Menu Laterale selettore delle Funzioni foglio Stile Marcatura Paragrafi dal video Alla Stampa integrazione Ms dos Apple Orientamento del Software |
| 650 ## - SUBJECT ADDED ENTRY--TOPICAL TERM | |
| Topical term or geographic name as entry element | EDUCAZIONE ALL'INFORMATICA |
| 650 ## - SUBJECT ADDED ENTRY--TOPICAL TERM | |
| Relator term | Codice materia Spics: 4212 |
| 700 ## - ADDED ENTRY--PERSONAL NAME | |
| Personal name | Paolini Adriana |
| 700 ## - ADDED ENTRY--PERSONAL NAME | |
| Miscellaneous information | Codice Aut. SPICS: 25277 |
| 942 ## - ADDED ENTRY ELEMENTS (KOHA) | |
| Koha item type | LIBRO |
| 957 ## - | |
| -- | 1 |
| 999 ## - SYSTEM CONTROL NUMBERS (KOHA) | |
| -- | 1 |
| Withdrawn status | Lost status | Damaged status | Not for loan | Home library | Current library | Date acquired | Total Checkouts | Full call number | Date last seen | Price effective from | Koha item type | Public note |
|---|---|---|---|---|---|---|---|---|---|---|---|---|
| Buone Condizioni | Not For Loan | SPICS-MEDIATECA | SPICS-MEDIATECA | 08/03/2013 | 74063 | 08/03/2013 | 08/03/2013 | LIBRO | Progressivo inserimento: 19390 / N. Volumi: 1 Copie: 1 Copia Rara: SI / data import: 1 marzo 2013 - By Epidotti, Trombetti, Vaglietti. |